Research on the impact of financial inclusion on the profitability of commercial banks in China

Bibliográfiai részletek
Szerző: Ge Chence
Dokumentumtípus: Könyv része
Megjelent: Budapesti Gazdaságtudományi Egyetem Budapest, Magyarország 2026
Sorozat:ESG - Risk Management or New Sustainability? VIII.BUEB International Sustainability Student ConferenceProceedings - Budapest University of Economics and Business 2025
Tárgyszavak:
doi:10.29180/978-615-6886-27-9_6

Kulcsszavak:Inclusive Finance
Inclusive Loan
Profitability
commercial banks
Sustainable Development
Online Access:http://publikaciotar.uni-bge.hu/2636

MARC

LEADER 00000naa a2200000 i 4500
001 publ2636
005 20260326120440.0
008 260326s2026 hu o 000 zxx d
020 |a 978-615-6886-27-9 
024 |a 10.29180/978-615-6886-27-9_6  |2 doi 
040 |a BGE Publikációtár Repozitórium  |b hun 
100 1 |a Ge Chence 
245 1 0 |a Research on the impact of financial inclusion on the profitability of commercial banks in China  |c Ge Chence  |h [elektronikus dokumentum] 
260 |a Budapesti Gazdaságtudományi Egyetem  |b Budapest, Magyarország  |c 2026 
300 |a 1-13 
490 0 |a ESG - Risk Management or New Sustainability? VIII.BUEB International Sustainability Student ConferenceProceedings - Budapest University of Economics and Business 2025 
650 4 |a közgazdaságtudományok 
695 |a Inclusive Finance 
695 |a Inclusive Loan 
695 |a Profitability 
695 |a commercial banks 
695 |a Sustainable Development 
856 4 0 |u https://publikaciotar.uni-bge.hu/id/eprint/2636/1/SUS%20Conference%20Proceedings%20-%20ESG%20Risk%20Managenemt_6.cikk.pdf  |z Dokumentum-elérés